Artists against Donald Trump's use of their music - Statistics

General Stats
  • This quiz has been taken 46 times
    22 since last reset
  • The average score is 11 of 22
Answer Stats
Song played by Trump Year Musical Act % Correct
Rolling in the Deep 2016 Adele
90%
Purple Rain 2018 Prince
90%
Sweet Child O’ Mine 2020 Guns N' Roses
80%
We Are the Champions 2016 Queen
80%
My Heart Will Go on 2024 Celine Dion
75%
Happy 2020 Pharrell
75%
In the End 2020 Linkin Park
70%
Crazy Train 2020 Ozzy Osbourne
60%
In the Air Tonight 2020 Phil Collins
55%
Seven Nation Army 2024 White Stripes
55%
Dream On 2016 Aerosmith
50%
The Winner Takes it All 2024 Abba
45%
It's the End of the World as We Know It 2016 REM
45%
Don't Stop the Music 2018 Rihanna
45%
Nothing Compares 2 U 2024 Sinéad O'Connor
40%
Start Me Up 2016 The Rolling Stones
40%
My Hero 2024 Foo Fighters
25%
Hallelujah 2024 Leonard Cohen
25%
Rockin’ in the Free World 2016 Neil Young
20%
Please Please Please Let Me Get What I Want 2024 The Smiths
20%
Freedom 2024 Beyoncé
15%
I Won’t Back Down 2020 Tom Petty
10%
No matching quizzes found
Score Distribution
Percent of People with Each Score
Percentile by Number Answered
Your Score History
You have not taken this quiz since the last reset